书目信息 |
| 题名: |
中国民办培训教育概论
|
|
| 作者: | ;中国民办教育协会 , 上海市教育科学研究院 编著 | |
| 分册: | ||
| 出版信息: | 北京 外语教学与研究出版社 2016 |
|
| 页数: | 307页 | |
| 开本: | 29cm | |
| 丛书名: | ||
| 单 册: | ||
| 中图分类: | G522.74 | |
| 科图分类: | ||
| 主题词: | 培训--pei xun--民办学校--中国 | |
| 电子资源: | ||
| ISBN: | 978-7-5135-8214-8 | |
| 000 | 01447nam0 2200265 450 | |
| 001 | 012001004413 | |
| 005 | 20131017105943.0 | |
| 010 | @a978-7-5135-8214-8@dCNY100.00 | |
| 099 | @aCAL 012018008060 | |
| 100 | @a20180119d2016 ekmy0chiy50 ea | |
| 101 | 0 | @achi |
| 102 | @aCN@b110000 | |
| 105 | @aak a 000yy | |
| 106 | @ar | |
| 200 | 1 | @a中国民办培训教育概论@Azhong guo min ban pei xun jiao yu gai lun@f中国民办教育协会培训教育专业委员会, 上海市教育科学研究院民办教育研究所编著 |
| 210 | @a北京@c外语教学与研究出版社@d2016 | |
| 215 | @a307页@c图@d29cm | |
| 320 | @a有书目 (第303-306页) | |
| 330 | @a《中国民办培训教育概论》是我国民办培训教育领域第一本集理论与实践于一体的原创性图书。它梳理提炼了我国民办培训教育的本土理论与发展脉络,详细分析了与民办培训教育有关的资本、制度、数字化、中介组织、风险控制等问题,细致描述了民办培训教育在具体实践中会遇到的战略定位、项目设计、组织架构、人力资源管理、教学管理、品牌建设和市场影响等实务。全书试图以理论之维、历史之镜、现实之基、实践之思,为我国民办教育的未来发展提供理论借鉴和实践基础。 | |
| 606 | 0 | @a培训@Apei xun@x民办学校@y中国 |
| 690 | @aG522.74@v5 | |
| 711 | 02 | @a中国民办教育协会@Azhong guo min ban jiao yu xie hui@b培训教育专业委员会@Bpei xun jiao yu zhuan ye wei yuan hui@4编著 |
| 711 | 02 | @a上海市教育科学研究院@Ashang hai shi jiao yu ke xue yan jiu yuan@b民办教育研究所@Bmin ban jiao yu yan jiu suo@4编著 |
| 801 | 0 | @aCN@b江苏凤凰@c20191020 |
| 905 | @b1223158-60@dG522.74@e339@f3 | |
| 中国民办培训教育概论/中国民办教育协会培训教育专业委员会, 上海市教育科学研究院民办教育研究所编著.-北京:外语教学与研究出版社,2016 |
| 307页:图;29cm |
| ISBN 978-7-5135-8214-8:CNY100.00 |
| 《中国民办培训教育概论》是我国民办培训教育领域第一本集理论与实践于一体的原创性图书。它梳理提炼了我国民办培训教育的本土理论与发展脉络,详细分析了与民办培训教育有关的资本、制度、数字化、中介组织、风险控制等问题,细致描述了民办培训教育在具体实践中会遇到的战略定位、项目设计、组织架构、人力资源管理、教学管理、品牌建设和市场影响等实务。全书试图以理论之维、历史之镜、现实之基、实践之思,为我国民办教育的未来发展提供理论借鉴和实践基础。 |
| ● |
| 相关链接 |
|
|
|
|
正题名:中国民办培训教育概论
索取号:G522.74/339
 
预约/预借
| 序号 | 登录号 | 条形码 | 馆藏地/架位号 | 状态 | 备注 |
| 1 | 1223158 | 212231583 | 第一样本阅览室/ [索取号:G522.74/339] | 在馆 | |
| 2 | 1223159 | 212231592 | 第四借阅区/ [索取号:G522.74/339] | 在馆 | |
| 3 | 1223160 | 212231609 | 第四借阅区/ [索取号:G522.74/339] | 在馆 |